| 000 -LEADER |
| fixed length control field |
00644cam a22002174a 4500 |
| 020 ## - INTERNATIONAL STANDARD BOOK NUMBER |
| ISBN |
9780821378120 |
| 020 ## - INTERNATIONAL STANDARD BOOK NUMBER |
| ISBN |
0821378120 |
| 020 ## - INTERNATIONAL STANDARD BOOK NUMBER |
| ISBN |
9780821378137 (electronic) |
| 020 ## - INTERNATIONAL STANDARD BOOK NUMBER |
| ISBN |
0821378139 (electronic) |
| 040 ## - CATALOGING SOURCE |
| Transcribing agency |
DLC |
| 082 00 - DEWEY DECIMAL CLASSIFICATION NUMBER |
| Classification number |
330 WOR 2009 C158 Or. |
| 100 1# - MAIN ENTRY--AUTHOR NAME |
| Personal name |
Iarossi, Giuseppe |
| 245 13 - TITLE STATEMENT |
| Title |
An assessment of the investment climate in Kenya / |
| 260 ## - PUBLICATION, DISTRIBUTION, ETC. (IMPRINT) |
| Place of publication |
Washington, DC : |
| Name of publisher |
World Bank, |
| Year of publication |
c2009 |
| 300 ## - PHYSICAL DESCRIPTION |
| Number of Pages |
xiii, 121 p. : |
| Other physical details |
ill. ; |
| Dimensions |
23 cm |
| 490 1# - SERIES STATEMENT |
| Series statement |
Directions in development. Private sector development |
| 650 #0 - SUBJECT ADDED ENTRY--TOPICAL TERM |
| Topical Term |
Investments |
| 650 #0 - SUBJECT ADDED ENTRY--TOPICAL TERM |
| Topical Term |
Business enterprises |
| 650 #0 - SUBJECT ADDED ENTRY--TOPICAL TERM |
| Topical Term |
Corporate culture |
| 942 ## - ADDED ENTRY ELEMENTS (KOHA) |
| Koha item type |
ADB |
| 952 ## - LOCATION AND ITEM INFORMATION (KOHA) |
| Withdrawn status [LOCAL, KOHA] |
0 |
| 952 ## - LOCATION AND ITEM INFORMATION (KOHA) |
| Withdrawn status [LOCAL, KOHA] |
0 |